World Cup No.10s - Statistics

General Stats
  • This quiz has been taken 353 times
  • The average score is 9 of 32
Answer Stats
Hint Answer % Correct
Brazil Neymar
96%
Argentina Lionel Messi
78%
Colombia James Rodriguez
74%
Croatia Luka Modric
70%
England Wayne Rooney
61%
France Karim Benzema
58%
Belgium Eden Hazard
56%
Netherlands Wesley Sneijder
50%
Spain Cesc Fabregas
42%
Costa Rica Bryan Ruiz
37%
Japan Shinji Kagawa
34%
Ivory Coast Gervinho
33%
Uruguay Diego Forlan
30%
Mexico Giovani Dos Santos
30%
Germany Lukas Podolski
26%
Switzerland Granit Xhaka
23%
Ghana Andre Ayew
21%
Greece Giorgos Karagounis
14%
Nigeria John Obi Mikel
14%
Chile Jorge Valdivia
12%
Algeria Sofiane Feghouli
11%
Russia Alan Dzagoev
9%
Italy Antonio Cassano
8%
Cameroon Vincent Aboubakar
7%
Bosnia & Herzegovina Zvjezdan Misimovic
5%
USA Mikkel Diskerud
4%
South Korea Park Chu-Young
3%
Australia Ben Halloran
2%
Portugal Vieirinha
2%
Ecuador Walter Ayovi
2%
Iran Karim Ansarifard
1%
Honduras Mario Martinez
1%
No matching quizzes found
Score Distribution
Percent of People with Each Score
Percentile by Number Answered
Your Score History
You have not taken this quiz